| 000 | 01174cad a22001935a 4500 | ||
|---|---|---|---|
| 001 | L151188 | ||
| 008 | 101006e2010 xxk 000 0 eng d | ||
| 035 | _a(Sirsi) u151188 | ||
| 041 | 0 | _aeng | |
| 245 | 0 | 0 |
_aBrookfield Construction (UK) Limited (formerly Multiplex Constructions (UK) Limited v Mott MacDonald Limited _h[electronic resource] |
| 260 | _c2010 | ||
| 520 | _a[2010] EWHC 659 (TCC), 31 March 2010. Concerns the development of the National Sports Stadium at Wembley, England. The claimant, MPX, claimed damages of over £200m against the defendant, Mott, in respect of engineering consultancy services provided in connection with the project. Judgment. Scope of the proposed sub-trial in 2011. The way forward. | ||
| 590 | _aKA | ||
| 650 | 2 | 4 | _aBrookfield Construction (UK) Limited (formerly Multiplex Constructions (UK) Limited v Mott MacDonald Limited |
| 651 | 4 |
_aEngland and Wales _y1543- |
|
| 690 | _aBUILDING AND CONSTRUCTION-PROJECTS | ||
| 856 | 4 | 8 |
_uhttps://www.bailii.org/cgi-bin/markup.cgi?doc=/ew/cases/EWHC/TCC/2010/659.html&query=mott+and+macdonald+and+brookfield&method=boolean _zView the law report free of charge at www.bailii.org |
| 942 | _n0 | ||
| 999 |
_c82725 _d82725 |
||